Les 10 joueurs les plus nominés dans le XI Fifa de l'année. - Statistiques

Statistiques générales
  • Ce quiz a été pris 321 fois
  • Le résultat moyen est 7 sur 10
Statistiques - réponses
Nombre de nominations Dernière année nominé Joueur % Correct
15 2021 Cristiano Ronaldo
100%
17 2023 Lionel Messi
100%
11 2020 Sergio Ramos
82%
9 2017 Andres Iniesta
80%
6 2013 Xavi
78%
6 2022 Luka Modric
74%
6 2019 Marcelo
64%
8 2018 Dani Alves
58%
5 2012 Iker Casillas
56%
5 2009 John Terry
5%
Aucun quiz correspondant
Distribution des résultats
% des personnes avec chaque résultat
Percentile par nombre de réponses
Votre historique - résultats
Vous n’avez pas pris ce quiz